| 000 | 00926nam a22002651 4500 | ||
|---|---|---|---|
| 001 | 134582 | ||
| 003 | ES-MaACL | ||
| 005 | 20240308153407.0 | ||
| 007 | t| | ||
| 008 | 070912s1947 sp ||||0| spa d | ||
| 016 | 7 | _zIND2000944656 | |
| 040 |
_aM-BN _bspa _cCDM |
||
| 080 | _a33.01 | ||
| 100 | 1 |
_aWicksell, Knut. _9116741 |
|
| 245 | 1 | 0 |
_aLecciones de economía política / _cKnut Wicksell ; traducción del ingles por Francisco Sánchez Ramos ; introducción por Manuel de Torres. |
| 260 |
_aMadrid : _bM. Aguilar, _c1947. |
||
| 300 |
_aXXXIX, 473 p. ; _c22 cm. |
||
| 490 | 1 | _aBiblioteca de ciencias económicas, políticas y sociales | |
| 700 | 1 |
_aSánchez Ramos, Francisco. _9102868 |
|
| 700 | 1 |
_aTorres, Manuel de. _9110904 |
|
| 830 | 0 |
_aBiblioteca de ciencias económicas, políticas y sociales _9182661 |
|
| 852 |
_aES-MaACL _jF-5223 _bR.27014 |
||
| 999 |
_c134582 _d134582 |
||